00719nam a2200193Ia 4500952009600000999001700096008004100113020002100154050002100175100004000196245010800236260003400344300001900378519004600397650002900443650002700472650001900499942000700518 00104070a11b11d2009-09-09l0oLC177 M65 2006p11 001955r2012-06-26t1w2012-06-26yLB c72355d72355120626s9999 xx 000 0 und d a13:9788434432574 aLC177 bM65 2006 aMoles Plaza, Ramón Jordi eautor  a¿Universidad S.A.? b: público y privada en la educación superior c/ Ramón Jordi, Moles Plaza  aEspaña b: Ariel c, 2006  a262 páginas  aMaterial Complementario / d(11 001955)  0aUNIVERSIDADES PÚBLICAS 0aUNIVERSIDADES PRIVADAS 0aUNIVERSIDADES  cLB